Serie A 2022-23 Top Scorers - Statistics

General Stats
  • This quiz has been taken 66 times
  • The average score is 16 of 19
Answer Stats
Ranking Goals Scored Nationality Club Name % Correct
2 21 Inter Lautaro Martínez
100%
4 15 Milan Rafael Leão
100%
8 10 Juventus Dusan Vlahovic
98%
13 Milan Olivier Giroud
98%
1 26 Napoli Victor Osimhen
98%
12 Napoli Khvicha Kvaratskhelia
95%
12 Roma Paulo Dybala
95%
12 Lazio Ciro Immobile
93%
10 Inter Romelu Lukaku
93%
5 13 Atalanta Ademola Lookman
90%
12 Sassuolo Domenico Berardi
83%
3 16 Salernitana Boulaye Dia
78%
10 Bologna Marko Arnautovic
78%
10 Atalanta Teun Koopmeiners
72%
6 12 Torino Antonio Sanabria
69%
10 Udinese Beto
67%
10 Lazio Mattia Zaccagni
67%
13 Spezia M'Bala Nzola
67%
7 11 Bologna Riccardo Orsolini
60%
No matching quizzes found
Score Distribution
Percent of People with Each Score
Percentile by Number Answered
Your Score History
You have not taken this quiz